| 000 | 00546nam a2200181Ia 4500 | ||
|---|---|---|---|
| 008 | 220216s9999 xx 000 0 und d | ||
| 100 | _aIshiaku U S | ||
| 245 | 4 | _aThe effect of di-2-ethylhexyl phthalate on the thermo-oxidative ageing of poly9vinyl chloride)/ epoxidized natural rubber blends | |
| 260 |
_bPolymer International _c1996 |
||
| 300 | _a327-336 | ||
| 500 | _aSource Year: 1996 | ||
| 650 | _aEpoxidised natural rubber | ||
| 700 | _aIsmail H | ||
| 700 | _aMohd Ishak Z A | ||
| 700 | _aNasir M | ||
| 856 | _uIRRDB | ||
| 942 | _cJS | ||
| 999 |
_c70610 _d70610 |
||